banner koha

Bibliografia de botanica. 5. Taxonomia de Angiospermae Dicotyladoneae [arvore florestal] (Registro n. 28534)

MARC details
000 -LÍDER
campo de controle de tamanho fixo 01189nam a22003977a 4500
001 - NÚMERO DE CONTROLE
campo de controle BR7908226
003 - IDENTIFICADOR DO NÚMERO DE CONTROLE
campo de controle BR-BrBNA
005 - DATA E HORÁRIO DA ÚLTIMA TRANSAÇÃO
campo de controle 20230928090342.0
007 - CAMPO FIXO DE DESCRIÇÃO FÍSICA--INFORMAÇÃO GERAL
campo de controle de tamanho fixo ta
008 - CAMPO DE DADOS FIXOS--INFORMAÇÃO GERAL
campo de controle de tamanho fixo 230509b bl.||||| |||| 00| 0 por d
040 ## - FONTE DA CATALOGAÇÃO
Instituição da catalogação original BR-BrBNA
Idioma da catalogação por
Instituição que transcreveu o registro Biblioteca Nacional de Agricultura
041 ## - CÓDIGO DE IDIOMA
Código do idioma do texto/trilha sonora ou título diferente (Eng, Spa, Por)
072 ## - CÓDIGO DE CATEGORIA DE ASSUNTO
Código de Categoria de Assunto F70
Código do objeto 3200
090 ## - NÚMERO DE CHAMADA LOCAL
-- 3200 BR7908226
100 1# - ENTRADA PRINCIPAL--NOME PESSOAL
Nome pessoal Ribeiro, V.M.L.
100 1# - ENTRADA PRINCIPAL--NOME PESSOAL
Nome pessoal Mautone, L.
100 1# - ENTRADA PRINCIPAL--NOME PESSOAL
Nome pessoal Valente, M. da C.
100 1# - ENTRADA PRINCIPAL--NOME PESSOAL
Nome pessoal Ferreira, V.F.
100 1# - ENTRADA PRINCIPAL--NOME PESSOAL
Nome pessoal Abreu, C.L.B. de
100 1# - ENTRADA PRINCIPAL--NOME PESSOAL
Nome pessoal Bautista, H.P.
100 1# - ENTRADA PRINCIPAL--NOME PESSOAL
Nome pessoal Leao, A. de S.
100 1# - ENTRADA PRINCIPAL--NOME PESSOAL
Nome pessoal Peixoto, A.L.
100 1# - ENTRADA PRINCIPAL--NOME PESSOAL
Nome pessoal Guimaraes, E.F.
100 1# - ENTRADA PRINCIPAL--NOME PESSOAL
Nome pessoal Pereira, J.F.
110 1# - ENTRADA PRINCIPAL--NOME CORPORATIVO
Nome corporativo ou nome da jurisdição Jardim Botanico do Rio de Janeiro, RJ (Brasil). Secao de Botanica Sistematica
9 (RLIN) 6638
245 1# - TÍTULO
Título Bibliografia de botanica. 5. Taxonomia de Angiospermae Dicotyladoneae [arvore florestal]
Restante do título Anexo
260 3# - PUBLICAÇÃO, DISTRIBUIÇÃO, ETC.
Local de publicação, distribuição, etc. Rio de Janeiro, RJ (Brasil):
Data da publicação, distribuição, etc. 1979.
300 ## - DESCRIÇÃO FÍSICA
Extensão 80 p.
500 ## - NOTA GERAL
Nota geral Reprint of: "Rodriguesia" v. 31(50)1979
650 ## - ASSUNTO--TERMO TÓPICO
Cabeçalho tópico ou nome geográfico TAXONOMIA VEGETAL
650 ## - ASSUNTO--TERMO TÓPICO
Cabeçalho tópico ou nome geográfico ARVORE ANGIOSPERMA
650 ## - ASSUNTO--TERMO TÓPICO
Cabeçalho tópico ou nome geográfico BOTANICA
650 ## - ASSUNTO--TERMO TÓPICO
Cabeçalho tópico ou nome geográfico BIBLIOGRAFIA
909 ## -
-- 202309
-- Lucia
-- 55
-- Lucia Elande
942 ## - ELEMENTOS DE ENTRADA ADICIONADOS (KOHA)
Tipo de material Koha Livros
Exemplares
Situação do descarte Fonte da classificação ou esquema de arquivamento na estante Situação física Não pode ser emprestado Coleção Biblioteca de origem Biblioteca atual Total de empréstimos Número de telefone completo Código de barras Data de último acesso Número do exemplar Tipo de material Koha Situação das perdas Data de aquisição Fonte de aquisição
  Classificação AGRIS       Biblioteca Nacional de Agricultura - Binagri Biblioteca Nacional de Agricultura - Binagri   3200 BR7908226 3200 BR7908226 25/09/2023 01 Livros   2023-09-25 Portaria Interministerial nº 164/94

BINAGRI

Telefone: (61)3218-2567/2388/3357/2097 - binagri@agro.gov.br

Ministério da Agricultura e Pecuária , Esplanada dos Ministérios, Bloco D, Anexo B, Brasília/DF, CEP: 70.043-900